000 00510nam a2200181Ia 4500
001 2364
005 20260306144801.0
008 260306t2016||||xx |||||||||||||| ||spa||
041 _aESP
082 _a616.89
_bB61A
100 _aBlack, Donald W.
_eAUT
245 0 _aDSM-5 guía de uso:
_bel complemento esencial del manual diagnóstico y estadístico de los trastornos mentales
260 _c2016
300 _axxiii, 543 páginas :
_c25 cm.
650 _aGEN
654 _aCPS
942 _cLIB
_dJUS
_fJUS
_2ddc
_n
999 _c2364
_d2364